Adverse effects of polybrominated biphenyls (PBB's) : hearings before the Subcommittee on Oversight and Investigations of the Committee on Interstate and Foreign Commerce, House of Representatives, Ninety-fifth Congress, first session ... August 2 and 3, 1977.

Bibliographic Details
Corporate Authors: United States. Congress. House. Committee on Interstate and Foreign Commerce. Subcommittee on Oversight and Investigations, ProQuest (Firm)
Format: Government Document eBook
Language:English
Published: Washington : U.S. Govt. Print. Off, 1977.
Series:U.S. Congressional Hearings.
Subjects:
Online Access:Connect to the full text of this electronic book

MARC

Tag First Indicator Second Indicator Subfields
LEADER 00000cam a22000001a 4500
001 in00003200318
006 m d f
007 cr bn mmmapmmp
008 090922s1977 dcua ob f000 0 eng d
005 20260604203252.4
035 |a cis2007443644 
040 |a UMI  |c UMI  |d UtOrBLW 
043 |a n-us--- 
074 |a 1019 
086 0 |a Y 4.In 8/4:95-65 
099 |a HRG-1977-FCH-0005 
110 1 |a United States.  |b Congress.  |b House.  |b Committee on Interstate and Foreign Commerce.  |b Subcommittee on Oversight and Investigations. 
245 1 0 |a Adverse effects of polybrominated biphenyls (PBB's) :  |b hearings before the Subcommittee on Oversight and Investigations of the Committee on Interstate and Foreign Commerce, House of Representatives, Ninety-fifth Congress, first session ... August 2 and 3, 1977. 
264 1 |a Washington :  |b U.S. Govt. Print. Off,  |c 1977. 
300 |a 1 online resource. 
336 |a text  |b txt  |2 rdacontent 
337 |a computer  |b c  |2 rdamedia 
338 |a online resource  |b cr  |2 rdacarrier 
490 0 |a Serial - House, Committee on Interstate and Foreign Commerce ;  |v no. 95-65 
504 |a Includes bibliographical references. 
538 |a System requirements: PDF reader software. 
500 |a Electronic resource. 
650 0 |a Feeds  |x Contamination. 
650 0 |a Polybrominated biphenyls  |x Toxicology. 
655 7 |a Electronic books.  |2 local 
710 2 |a ProQuest (Firm) 
776 0 8 |i Print version:  |a United States. Congress. House. Committee on Interstate and Foreign Commerce. Subcommittee on Oversight and Investigations  |t Adverse effects of polybrominated biphenyls (PBB's)  |w (OCoLC)03696904  |w gp 78016239 
776 0 8 |i Microfiche version:  |a United States. Congress. House. Committee on Interstate and Foreign Commerce. Subcommittee on Oversight and Investigations  |t Adverse effects of polybrominated biphenyls (PBB's).  |d [Bethesda, Md.] : ProQuest,[2004]  |o CIS 78 H501-34  |w (ProQuest)cis07800983 
830 0 |a U.S. Congressional Hearings. 
856 4 0 |u http://proxy.library.tamu.edu/login?url=https://congressional.proquest.com/congcomp/getdoc?HEARING-ID=HRG-1977-FCH-0005  |z Connect to the full text of this electronic book  |t 0 
998 |a cis07800983 
999 |a MARS 
999 f f |s 37c7adc5-e1b6-394e-a8fd-b065314f20ba  |i e12c02a3-f5dc-3420-a386-d36976979391  |t 0 
952 f f |a Texas A&M University  |b College Station  |c Electronic Resources  |s www_evans  |d Available Online  |t 0  |e HRG-1977-FCH-0005  |h Other scheme 
998 f f |a HRG-1977-FCH-0005  |t 0  |l Available Online